| 000 | 00425nam a22001697a 4500 | ||
|---|---|---|---|
| 003 | LK-CoMWRAF | ||
| 005 | 20230908110503.0 | ||
| 008 | 230908b1949 |||||||| |||| 00| 0 eng d | ||
| 040 |
_aLK-CoMWRAF _dLK-CoMWRAF _eLK-CoMWRAF |
||
| 041 | _aeng | ||
| 082 |
_a823 _bMIL |
||
| 100 | _aMiller, Arthur | ||
| 245 | _aDeath of a salesman | ||
| 260 |
_aGreat Britain : _bCresset press _c1949 |
||
| 650 | _aEnglidh Fiction | ||
| 942 | _cBK | ||
| 999 |
_c3482 _d3482 |
||